| 000 | 00482nam a22001817a 4500 | ||
|---|---|---|---|
| 003 | BD-ChCU | ||
| 005 | 20251028095413.0 | ||
| 008 | 251028b ny ||||| |||| 00| 0 eng d | ||
| 040 | _cBD-ChCU | ||
| 082 | _a170 SMM | ||
| 100 |
_aSmith, Adam _914899 |
||
| 245 |
_aMoral and political philosophy / _cAdam Smith |
||
| 260 |
_aN.Y.: _bHafner, _cc1948 |
||
| 300 | _axxviii, 484p. | ||
| 650 | 0 |
_aEthics _914901 |
|
| 700 |
_aSchneider, Herbert W. _eeditor _914902 |
||
| 942 |
_2ddc _cBK _n0 |
||
| 999 |
_c108872 _d108872 |
||